zpět

Detail výsledku týmu

Pivovarský Dvůr PO, Liberec

Datum a čas kvízu

35.5 Celkem bodů Celkový počet nahraných bodů na tomto kvízu bez doplňovacích otázek.
6. Pořadí na kvízu Konečné umístění týmu na tomto kvízu.

Zaznamenané odpovědi

# Otázka Odpověď Body Výsledky
1. Do aplikace eRecept přibyla od... ověření dostupnosti předepsaného léku 0
2. Kolumbijský parlament odhlasov... D) býčích zápasů 0
3. Ve kterém městě začal minulý t... ve Zlíně 1
4. Minulý týden oznámili organizá... v Ženevě 1
5. V pondělí se v anglickém Brock... sýr 1
6. Kterým výrazem na písmeno M se... mixologie 1
7. Ernest Hemingway měl údajně v... Daiquiri 1
8. Oblíbenou složkou míchaných ná... z pomerančů 1
9. Ve filmu Někdo to rád horké se... Manhattan 0
10. V poslední otázce se podíváme... Semafor 1